Villes sur des itinéraires de train européens aléatoires - Statistiques

Statistiques générales
  • Ce quiz a été pris 2 110 fois
  • Le résultat moyen est 14 sur 20
Réponses sur la Carte
Les réponses sont colorées sur une échelle allant du rouge au vert en fonction du pourcentage des utilisateurs qui les ont devinées à leur premier essai. Vous pouvez retrouver ces pourcentages ci-dessous.
 
Statistiques - réponses
Route Ville % Correct
Route 1 Madrid
100%
3 Lisbonne
97%
Route 3 Porto
96%
4 Lille
95%
Route 2 Palerme
94%
4 Berlin
92%
3 Bruxelles
92%
4 Londres
92%
3 Paris
92%
3 Bordeaux
91%
Route2 Rome
91%
3 Toulouse
91%
3 Amsterdam
90%
3 Barcelone
90%
4 Luxembourg
90%
Route2 Naples
86%
Route2 Vienne
86%
4 Kiev
85%
3 Copenhague
83%
Route2 Prague
83%
Route2 Venise
83%
3 Rotterdam
82%
3 Seville
82%
4 Édimbourg
81%
4 Bucarest
80%
4 Liverpool
80%
4 Minsk
80%
Route1 Bordeaux
79%
3 Oslo
79%
3 Valence
79%
4 Vilnius
79%
4 Hambourg
78%
Route2 Florence
77%
Route2 Istanbul
77%
Route2 Ljubljana
77%
Route2 Munich
75%
Route1 Berne
74%
3 Hambourg
73%
3 Anvers
72%
Route1 Genève
72%
Route1 Zurich
72%
4 Cologne
71%
Route1 Prague
69%
4 Birmingham
68%
Route1 Kiev
68%
Route1 Moscou
68%
3 Malaga
67%
Route1 Saint-Pétersbourg
67%
Route2 Bari
66%
4 Chișinău
66%
Route1 Helsinki
66%
Route1 Bilbao
65%
Route1 Varsovie
65%
4 Odessa
62%
3 Malmö
61%
Route2 Skopje
57%
Route2 Split
56%
4 Gdansk
55%
Route2 Thessalonique
54%
Route2 Podgorica
53%
Route2 Leipzig
52%
3 Brême
51%
Route2 Dresde
50%
Route2 Nuremberg
49%
3 Bergen
48%
Route2 Brno
48%
3 Göteborg
48%
Route1 Saragosse
46%
4 Hanovre
44%
Route1 Stuttgart
42%
Route2 Trieste
42%
Route 4 Inverness
41%
4 Varna
36%
Route1 Kharkiv
35%
Route1 Lviv
35%
Route1 Łódź
31%
Route1 Wrocław
28%
4 Constanta
26%
Route1 Oulu
24%
Route1 Turku
23%
Aucun quiz correspondant
Distribution des résultats
% des personnes avec chaque résultat
Percentile par nombre de réponses
Votre historique - résultats
Vous n’avez pas pris ce quiz